| 000 | 00416 a2200157 4500 | ||
|---|---|---|---|
| 020 | _a1902343174 | ||
| 040 |
_aDLC _bDLC |
||
| 082 | _a658.4039 NCC | ||
| 110 | _a NCC | ||
| 245 |
_aSystems Design Techniques _cNCC, Education |
||
| 260 |
_a Singapore: _bNCC Education Services, _c1998. |
||
| 300 |
_a 170 p. : _b ill, ; _c24 cm. |
||
| 500 | _a Includes Index | ||
| 650 | _aSystem design | ||
| 942 |
_cBK _k658.4039 NCC _2ddc |
||
| 999 |
_c8755 _d8755 |
||